000 00605nam a2200229Ia 4500
003 GCL
008 140319s9999 xx 000 0 eng d
040 _aGCL /
_cGCL
082 0 4 _a728.3
_bM M
100 1 _aMATANAN, MICHEL
245 1 0 _aMAISONS MODERNES: 6O PLANS LIBRES D'UTILISATION /
_cMATANAN, MICHEL
700 1 _aTHIRIET, NATHALIE
260 _a[S.N] :
_bEDITIONS ALTERNATIVES ،
_c1996
300 _a125 P
650 0 4 _aARCHITECTURE - HOUSE
650 0 4 _aARTS
650 0 4 _aART
650 0 4 _aARCHITECTURE
650 0 4 _aARCHITECTURE, MODERN
650 0 4 _aHOUSE PLANS
942 _2ddc
_cBK
999 _c14953
_d14953